|
|
|
|
| LEADER |
00743nam a2200193 a 4500 |
| 001 |
000574658 |
| 003 |
CZ BrMZK |
| 005 |
20081113073223.0 |
| 008 |
011015s1935 xr f cze d |
| 040 |
|
|
|a BOA001
|b cze
|c BOA001
|
| 100 |
1 |
|
|a Hanus, Ladislav,
|d 1890-1943
|7 jk01033457
|4 aut
|
| 245 |
1 |
0 |
|a Pracovní kniha zeměpisu pro 6.-8. postupný ročník obecných škol.
|n Díl 2,
|p Země Česká /
|c Ladislav Hanus, Drástová
|
| 246 |
3 |
0 |
|a Země Česká
|
| 260 |
|
|
|a Praha :
|b Československá grafická Unie,
|c 1935
|
| 300 |
|
|
|a 36 s.
|
| 700 |
1 |
|
|a Drástová, Marie,
|d 1897-1970
|7 jk01023000
|4 aut
|
| 910 |
|
|
|a BOA001
|b PK-II-0036.256,2
|
| 990 |
|
|
|a BK
|
| 996 |
7 |
|
|b 3119652779
|c PK-II-0036.256,2
|l MZK
|r Sklad / do 1 hodiny
|n 1
|w 000574658
|u 000090
|a 1
|e BOA001
|j MZK50
|s A
|